000 00438nam a2200145Ia 4500
003 OSt
005 20260331153414.0
008 211028s2011 xx 000 0 und d
040 _cAIMIT LIBRARY
041 _aeng
100 _aUnnikrishnan K;Wright, Rowena.
_g916076
_96837
245 _aA study to identify the potential franchisee for St.George Homoeopathy Mangalore /
260 _aMangalore
_bWright, Rowena
_c2011
942 _2ddc
_cPRO
999 _c218407
_d218407